El baile de San Juan /

El escenario transcurre a finales del siglo XVIII previo a la gesta de la Independencia de México, donde a partir de la relación del coreógrafo de la corte, su hijo mestizo y una joven acaudalada, se entrecruzarán sentimientos de amor, intrigas cortesanas, creencias populares y anhelos de libertad....

Cijeli opis

Spremljeno u:
Bibliografski detalji
Glavni autor: Athié, Francisco (realización)
Daljnji autori: Tavira, José María de (actuación) (actuación), Ciangherotti, Cassandra (actuación) (actuación), Armendáriz, Pedro, hijo (actuación) (actuación)
Format: Slajd
Jezik:španjolski
Teme:
Oznake: Dodaj oznaku
Bez oznaka, Budi prvi tko označuje ovaj zapis!

MARC

LEADER 00000ngm^a2200000^a^4500
001 000351181
005 20250521000000.0
009 20260310115003.892
037 |a Acervo ITESO - Biblioteca 
041 |a ESP 
082 |a 860.  |b ATH 
100 |a Athié, Francisco  |e (realización) 
245 1 3 |a El baile de San Juan /  |c Realización de F. Athié. 
264 2 |a México :  |b Mundo en DVD [distribución],  |c fecha no identificada 
300 |a 1 DVD región 4  |c (120 min.) 
336 |a imagen móvil bidimensional  |b tdi  |2 rdacontenido 
337 |a video  |b v  |2 rdamedio 
338 |a videodisco  |b vd  |2 rdasoporte 
520 |a El escenario transcurre a finales del siglo XVIII previo a la gesta de la Independencia de México, donde a partir de la relación del coreógrafo de la corte, su hijo mestizo y una joven acaudalada, se entrecruzarán sentimientos de amor, intrigas cortesanas, creencias populares y anhelos de libertad. Con este filme el director intenta recrear las raíces del nacimiento de la nación mexicana. 
546 |a En español, con subtítulos opcionales: alemán, francés 
649 |a XX 
650 |a Dramas Cinematográficos 
650 |a Cine Mexicano -  |y 2010-2019 
650 |a Cine Mexicano -  |y Siglo XXI 
650 |a Amor 
650 |a Relaciones de Pareja 
650 |a Creencias 
650 |a Prácticas Culturales 
650 |a México -  |x Historia -  |y Virreinato, 1535-1821 
650 |a México -  |x Historia -  |y Epoca Colonial, 1517-1821 
700 |a Tavira, José María de  |e (actuación) 
700 |a Ciangherotti, Cassandra  |e (actuación) 
700 |a Armendáriz, Pedro,  |c hijo  |e (actuación) 
910 |a Fondo General 
920 |a Audiovisuales - DVDs 
940 |a Películas 
905 |a 302 
901 |a 0500242253  |b IT2  |c DVS  |i C144200  |u 20250521 
902 |a https://opac.biblio.iteso.mx/vufind/Record/000351181